00725 2200217 4500001002100000005001700021008004100038035002500079040001200104082001400116084002200130090002200152245012100174260002800295300003900323500004900362650004500411700001800456700002100474850001200495INLIS00000000000244720150303111510.0  a0010-011500000000029 aYOPDYOG a915.98432 aNUS 915.98432 Arc aNUS 915.98432 Arc aARCHIPELAGO : Pesta rakyat Erau Tempong [rekaman video]c/ penanggung jawab Elman Saragih ; editor, Sugeng Suparwoto aJakartabMetro TVc2009 aDVDb: digital, stereoc; 4 3/4 in aProgram Metro TV ; tanggal tayang 01/09/2009 aKutai-Kehidupan sosial dan adat istiadat aElman Saragih aSugeng Suparwoto aYOPDYOG